000 00632nam a2200241 i 4500
001 C2-0310260
003 PPAK
005 20180728101520.0
008 110613s1964 enk |||| ||||| | eng d
020 _a0571087442
040 _aPPAK
_beng
_cPPAK
_erda
082 0 4 _a808.83
_223
090 0 0 _a808.83
_bMOD
_dKMI
245 0 0 _aModern short stories
264 1 _aLondon :
_bFaber and Faber ,
_c1964
300 _a219 pages ;
_c18 cm
336 _2rdacontent
_atext
337 _2rdamedia
_aunmediated
338 _2rdacarrier
_avolume
650 1 0 _aShort stories, English
700 1 _aHunter, Jim,
_eeditor
942 _ddc
_cB
999 _c112733
_d112733